-
Arora, C L & hemne Dr P S
Entry Personal Name
Number of records used in: 1
001 - CONTROL NUMBER
003 - CONTROL NUMBER IDENTIFIER
005 - DATE AND TIME OF LATEST TRANSACTION
- control field:
20160630122134.0
008 - FIXED-LENGTH DATA ELEMENTS
- fixed length control field:
160630|| aca||aabn | a|a d
040 ## - CATALOGING SOURCE
- Original cataloging agency:
OSt
- Transcribing agency:
OSt
100 ## - HEADING--PERSONAL NAME
- Personal name:
Arora, C L & hemne Dr P S
670 ## - SOURCE DATA FOUND
- Source citation:
Work cat.: (OSt): Arora, C L & hemne Dr P S, Physics for Degree Students, 2014